000 00748nam a22002057a 4500
999 _c3239
_d3239
003 AR-CdUCM
008 190306b ||||| |||| 00| 0 spa d
040 _aMUNICIPALIDAD PROVINCIAL DEL CUSCO
_cBIBLIOTECA MUNICIPAL DEL CUSCO
082 _a808.8 /
_bG643
100 _aGonzález Prada, Manuel
_9638
245 _aHoras de lucha /
260 _aBuenos Aires :
_bAméricalee,
_c1946.
300 _a230 paginas ;
_c20 cm.
505 _aLos partidos y la unión nacional -- librepensamiento de acción -- el intelectual y el obrero -- Nuestro periodismo -- Nuestros conservadores....
650 _aPartido Unión Nacional
_910824
650 _aEnsayos Peruanos
_9269
650 _aEnsayos políticos
_92390
942 _2ddc
_cLIBROS
945 _awnts